000 00855nam a2200253Ia 4500
003 OSt
005 20221005113255.0
006 a|||||r|||| 00| 0
007 ta
008 221004b |||||||| |||| 00| 0 pan d
020 _c250
024 _a5426
037 _b683, 14/06/2013, H.K. Prakashan
_cTextual
040 _aCRL
_cCRL
_bpan
041 _2pan
_apan
082 _aO153,1x, P3
100 _aਸੁਰਜੀਤ ਸਿੰਘ, ਥਦ.
245 0 _aਸਦਾ ਰਾਮ
_b ਕਾਵਿ ਲੋਕ
260 _aਪਟਿਆਲਾ
_bਪੰਜਾਬੀ ਯੂਨੀਵਰਸਿਟੀ ਭਾਰਤ
_c2003
300 _a253ਪੰ
_ccm.
650 _aਪੰਜਾਬੀ ਸਾਹਿਤ
942 _hO153,1x, P3
_cTEXL
_2cc
999 _c1027616
_d1027616